banner koha

Avaliacao do amaciamento de carne bovina de dianteiro (Triceps brachii)pelos metodos de maturacao, estimulacao eletrica, injecao de acidos e tenderizacao mecanica (Registro n. 163593)

MARC details
000 -LÍDER
campo de controle de tamanho fixo 00850nas a2200253 4500
001 - NÚMERO DE CONTROLE
campo de controle BR0001295
003 - IDENTIFICADOR DO NÚMERO DE CONTROLE
campo de controle BR-BrBNA
005 - DATA E HORÁRIO DA ÚLTIMA TRANSAÇÃO
campo de controle 20231205101735.0
007 - CAMPO FIXO DE DESCRIÇÃO FÍSICA--INFORMAÇÃO GERAL
campo de controle de tamanho fixo ta
008 - CAMPO DE DADOS FIXOS--INFORMAÇÃO GERAL
campo de controle de tamanho fixo 230509b bl.|||p| |||| 00| 00por d
040 ## - FONTE DA CATALOGAÇÃO
Instituição da catalogação original BR-BrBNA
Idioma da catalogação por
Instituição que transcreveu o registro Biblioteca Nacional de Agricultura
041 ## - CÓDIGO DE IDIOMA
Código do idioma do texto/trilha sonora ou título diferente (Pt)
072 ## - CÓDIGO DE CATEGORIA DE ASSUNTO
Código de Categoria de Assunto Q05
100 1# - ENTRADA PRINCIPAL--NOME PESSOAL
Nome pessoal Puga, D.M.U.
100 1# - ENTRADA PRINCIPAL--NOME PESSOAL
Nome pessoal Contreras, C.J.C.
100 1# - ENTRADA PRINCIPAL--NOME PESSOAL
Nome pessoal Turnbull, M.R.
245 1# - TÍTULO
Título Avaliacao do amaciamento de carne bovina de dianteiro (Triceps brachii)pelos metodos de maturacao, estimulacao eletrica, injecao de acidos e tenderizacao mecanica
650 ## - ASSUNTO--TERMO TÓPICO
Cabeçalho tópico ou nome geográfico Carne
650 ## - ASSUNTO--TERMO TÓPICO
Cabeçalho tópico ou nome geográfico Maturacao
650 ## - ASSUNTO--TERMO TÓPICO
Cabeçalho tópico ou nome geográfico Acido Organico
773 0# - ENTRADA ANALÍTICA
Título Ciencia e Tecnologia de Alimentos (Brazil)
ISSN - International Standard Serial Number ISSN 0101-2061
Partes relacionadas (Jan-Apr 1999), v. 19(1) p. 88-96
Número de controle do registro BR0001295
909 ## -
-- 202311
-- Lúcia
-- 55
-- Lúcia Elande
942 ## - ELEMENTOS DE ENTRADA ADICIONADOS (KOHA)
Fonte da classificação ou esquema de arquivamento na estante Classificação AGRIS
Ocultar no OPAC Não
Tipo de material Koha Analítica
Exemplares
Situação do descarte Fonte da classificação ou esquema de arquivamento na estante Situação física Não pode ser emprestado Biblioteca de origem Biblioteca atual Localização na estante Enumeração do periódico / cronologia Total de empréstimos Data de último acesso Número do exemplar Tipo de material Koha Fonte de aquisição
  Classificação AGRIS   Consulta local Biblioteca Nacional de Agricultura - Binagri Biblioteca Nacional de Agricultura - Binagri   (Jan-Apr 1999), v. 19(1) p. 88-96   29/11/2023 01 Periódicos Portaria Interministerial nº 164/94

BINAGRI

Telefone: (61)3218-2567/2388/3357/2097 - binagri@agro.gov.br

Ministério da Agricultura e Pecuária , Esplanada dos Ministérios, Bloco D, Anexo B, Brasília/DF, CEP: 70.043-900